[Event "EYTCC U18 Open 2019"]
[Site "Pardubice"]
[Date "2019.07.14"]
[Round "4.8"]
[White "Sahidi, Samir"]
[Black "Ognean, Mihnea-Ionut"]
[Result "1/2-1/2"]
[WhiteElo "2369"]
[BlackElo "2287"]
[Annotator "ChessBase"]
[PlyCount "234"]
[EventDate "2019.07.11"]
[EventType "swiss"]
[EventCountry "CZE"]
[SourceTitle "playchess.com"]
[Source "ChessBase"]
[SourceQuality "1"]
[WhiteTeam "Slovakia"]
[BlackTeam "Romania"]
[WhiteTeamCountry "SVK"]
[BlackTeamCountry "ROU"]
[TimeControl "40/5400+30:1800+30"]

1. d4 {[%emt 0:00:00]} Nf6 {[%emt 0:00:00]} 2. c4 {[%emt 0:00:20]} e6 {[%emt 0:00:00]} 3. Nf3 {[%emt 0:00:10]} d5 {[%emt 0:00:09]} 4. Nc3 {[%emt 0:02:11]} Nbd7 {[%emt 0:00:12]} 5. Bg5 {[%emt 0:04:04]} c6 {[%emt 0:01:04]} 6. e3 {[%emt 0:06:23]} Qa5 {[%emt 0:00:46]} 7. Bxf6 {[%emt 0:02:57]} Nxf6 {[%emt 0:00:07]} 8. Nd2 {[%emt 0:01:33]} Bb4 {[%emt 0:05:43]} 9. Qc2 {[%emt 0:01:50]} O-O {[%emt 0:00:21]} 10. Bd3 {[%emt 0:01:23]} c5 {[%emt 0:00:49]} 11. Nb3 {[%emt 0:03:06]} Qc7 {[%emt 0:10:05]} 12. dxc5 {[%emt 0:01:01]} dxc4 {[%emt 0:00:46]} 13. Bxc4 {[%emt 0:00:30]} Bxc5 {[%emt 0:00:53]} 14. Nxc5 {[%emt 0:05:41]} Qxc5 {[%emt 0:00:06]} 15. Be2 {[%emt 0:06:13]} Bd7 {[%emt 0:07:29]} 16. Bf3 {[%emt 0:01:28]} Bc6 {[%emt 0:04:02]} 17. Bxc6 {[%emt 0:01:20]} Qxc6 {[%emt 0:00:05]} 18. O-O {[%emt 0:00:31]} Rac8 {[%emt 0:01:46]} 19. Qb3 {[%emt 0:01:36]} a6 {[%emt 0:08:38]} 20. Rfd1 {[%emt 0:02:23]} Rfd8 {[%emt 0:04:19]} 21. h3 {[%emt 0:07:15]} h6 {[%emt 0:00:09]} 22. Rxd8+ {[%emt 0:02:14]} Rxd8 {[%emt 0:00:04]} 23. Rd1 {[%emt 0:00:08]} Rxd1+ {[%emt 0:01:57]} 24. Qxd1 {[%emt 0:00:11]} Qd7 {[%emt 0:00:02]} 25. Qxd7 {[%emt 0:10:04]} Nxd7 {[%emt 0:00:08]} 26. Kf1 {[%emt 0:02:47]} Kf8 {[%emt 0:00:06]} 27. Ke2 {[%emt 0:01:12]} Ke7 {[%emt 0:00:05]} 28. g4 {[%emt 0:06:23]} Kd6 {[%emt 0:04:43]} 29. f4 {[%emt 0:02:35]} f5 {[%emt 0:01:59]} 30. Kf3 {[%emt 0:03:14]} g6 {[%emt 0:03:20]} 31. b4 {[%emt 0:05:57]} e5 {[%emt 0:07:05]} 32. gxf5 {[%emt 0:01:09]} gxf5 {[%emt 0:00:06]} 33. e4 {[%emt 0:00:37]} Ke6 {[%emt 0:07:58]} 34. Nd5 {[%emt 0:02:41]} exf4 {[%emt 0:01:17]} 35. Kxf4 {[%emt 0:01:54]} fxe4 {[%emt 0:00:07]} 36. Kxe4 {[%emt 0:00:11]} Ne5 {[%emt 0:09:49]} 37. Nf4+ {[%emt 0:02:53]} Kf6 {[%emt 0:00:55]} 38. Kd5 {[%emt 0:01:58]} Kf5 {[%emt 0:05:25]} 39. Nh5 {[%emt 0:00:14]} Nd3 {[%emt 0:00:49]} 40. a3 {[%emt 0:01:28]} Nf4+ {[%emt 0:13:43]} 41. Nxf4 {[%emt 0:30:15]} Kxf4 {[%emt 0:30:03]} 42. Kc5 {[%emt 0:00:25]} Kg3 {[%emt 0:00:21]} 43. Kb6 {[%emt 0:00:16]} Kxh3 {[%emt 0:00:05]} 44. Kxb7 {[%emt 0:00:04]} h5 {[%emt 0:00:07]} 45. Kxa6 {[%emt 0:01:02]} h4 {[%emt 0:00:05]} 46. b5 {[%emt 0:00:09]} Kg4 {[%emt 0:00:04]} 47. b6 {[%emt 0:00:09]} h3 {[%emt 0:00:03]} 48. b7 {[%emt 0:00:06]} h2 {[%emt 0:00:04]} 49. b8=Q {[%emt 0:00:18]} h1=Q {[%emt 0:00:02]} 50. Qb4+ {[%emt 0:08:07]} Kg3 {[%emt 0:01:00]} 51. Qd6+ {[%emt 0:01:10]} Kg4 {[%emt 0:05:41]} 52. a4 {[%emt 0:00:00]} Qf1+ {[%emt 0:00:00]} 53. Kb6 {[%emt 0:00:00]} Qf2+ {[%emt 0:00:00]} 54. Qc5 {[%emt 0:00:00]} Qb2+ {[%emt 0:00:00]} 55. Ka5 {[%emt 0:00:00]} Kh3 {[%emt 0:00:00]} 56. Qe3+ {[%emt 0:00:00]} Kg2 {[%emt 0:00:00]} 57. Qe4+ {[%emt 0:00:00]} Kh2 {[%emt 0:00:00]} 58. Ka6 {[%emt 0:00:00]} Qf6+ {[%emt 0:00:00]} 59. Kb5 {[%emt 0:00:00]} Qb2+ {[%emt 0:00:00]} 60. Kc5 {[%emt 0:00:00]} Qc3+ {[%emt 0:00:00]} 61. Kb5 {[%emt 0:00:00]} Qb2+ {[%emt 0:00:00]} 62. Qb4 {[%emt 0:00:00]} Qe2+ {[%emt 0:00:00]} 63. Qc4 {[%emt 0:00:00]} Qe5+ {[%emt 0:00:00]} 64. Ka6 {[%emt 0:00:00]} Qf6+ {[%emt 0:00:00]} 65. Kb7 {[%emt 0:00:00]} Qf3+ {[%emt 0:00:00]} 66. Qc6 {[%emt 0:00:00]} Qb3+ {[%emt 0:00:00]} 67. Ka6 {[%emt 0:00:00]} Qd3+ {[%emt 0:00:00]} 68. Ka7 {[%emt 0:00:00]} Qd4+ {[%emt 0:00:00]} 69. Ka8 {[%emt 0:00:00]} Qh8+ {[%emt 0:00:00]} 70. Kb7 {[%emt 0:00:00]} Qb2+ {[%emt 0:00:00]} 71. Qb6 {[%emt 0:00:14]} Qg2+ {[%emt 0:00:00]} 72. Ka7 {[%emt 0:00:33]} Qg7+ {[%emt 0:00:00]} 73. Ka8 {[%emt 0:00:25]} Kh3 {[%emt 0:00:00]} 74. a5 {[%emt 0:01:27]} Qf8+ {[%emt 0:00:54]} 75. Kb7 {[%emt 0:00:11]} Qf7+ {[%emt 0:00:48]} 76. Qc7 {[%emt 0:00:26]} Qd5+ {[%emt 0:00:48]} 77. Kb8 {[%emt 0:02:52]} Qb3+ {[%emt 0:00:39]} 78. Kc8 {[%emt 0:00:35]} Qg8+ {[%emt 0:00:21]} 79. Qd8 {[%emt 0:01:05]} Qc4+ {[%emt 0:00:08]} 80. Kb7 {[%emt 0:00:54]} Qb5+ {[%emt 0:01:10]} 81. Qb6 {[%emt 0:00:53]} Qd7+ {[%emt 0:01:54]} 82. Qc7 {[%emt 0:00:29]} Qb5+ {[%emt 0:00:32]} 83. Ka7 {[%emt 0:00:08]} Qd5 {[%emt 0:02:24]} 84. Qc8+ {[%emt 0:00:32]} Kh4 {[%emt 0:00:27]} 85. Qh8+ {[%emt 0:00:43]} Kg3 {[%emt 0:01:13]} 86. Qg7+ {[%emt 0:00:30]} Kh4 {[%emt 0:00:09]} 87. Qf6+ {[%emt 0:00:44]} Kh3 {[%emt 0:00:25]} 88. Qc3+ {[%emt 0:00:28]} Kh4 {[%emt 0:00:23]} 89. a6 {[%emt 0:00:15]} Qd7+ {[%emt 0:00:28]} 90. Kb8 {[%emt 0:00:31]} Qb5+ {[%emt 0:00:19]} 91. Ka7 {[%emt 0:00:05]} Qd7+ {[%emt 0:00:04]} 92. Kb6 {[%emt 0:00:07]} Qd8+ {[%emt 0:01:06]} 93. Qc7 {[%emt 0:00:12]} Qd4+ {[%emt 0:00:07]} 94. Qc5 {[%emt 0:00:35]} Qd8+ {[%emt 0:01:02]} 95. Kb5 {[%emt 0:00:18]} Qd7+ {[%emt 0:00:35]} 96. Ka5 {[%emt 0:00:20]} Qd8+ {[%emt 0:00:04]} 97. Qb6 {[%emt 0:00:39]} Qd5+ {[%emt 0:00:11]} 98. Qb5 {[%emt 0:00:11]} Qd8+ {[%emt 0:00:20]} 99. Ka4 {[%emt 0:01:09]} Qd1+ {[%emt 0:00:07]} 100. Qb3 {[%emt 0:00:13]} Qa1+ {[%emt 0:00:19]} 101. Kb5 {[%emt 0:01:32]} Qe5+ {[%emt 0:00:05]} 102. Kb4 {[%emt 0:00:26]} Qd6+ {[%emt 0:00:19]} 103. Ka5 {[%emt 0:00:09]} Qe5+ {[%emt 0:00:58]} 104. Qb5 {[%emt 0:00:19]} Qc7+ {[%emt 0:00:05]} 105. Kb4 {[%emt 0:00:08]} Qd6+ {[%emt 0:00:22]} 106. Kc3 {[%emt 0:01:11]} Qa3+ {[%emt 0:00:19]} 107. Kc4 {[%emt 0:00:38]} Qa2+ {[%emt 0:00:42]} 108. Kc5 {[%emt 0:00:11]} Qf2+ {[%emt 0:00:06]} 109. Kb4 {[%emt 0:00:37]} Qd2+ {[%emt 0:01:04]} 110. Ka3 {[%emt 0:00:21]} Qc3+ {[%emt 0:01:56]} 111. Ka4 {[%emt 0:00:19]} Qa1+ {[%emt 0:00:16]} 112. Kb4 {[%emt 0:00:07]} Qe1+ {[%emt 0:00:04]} 113. Kc5 {[%emt 0:00:05]} Qe5+ {[%emt 0:00:11]} 114. Kb6 {[%emt 0:00:09]} Qb8+ {[%emt 0:00:22]} 115. Ka5 {[%emt 0:00:08]} Qd8+ {[%emt 0:00:13]} 116. Qb6 {[%emt 0:00:25]} Qd5+ {[%emt 0:00:08]} 117. Qb5 {[%emt 0:00:24]} Qd8+ {[%emt 0:00:05]} 1/2-1/2

[Event "EYTCC U18 Open 2019"]
[Site "Pardubice"]
[Date "2019.07.14"]
[Round "4.9"]
[White "Subelj, Jan"]
[Black "Ozsakallioglu, Okan"]
[Result "1/2-1/2"]
[WhiteElo "2425"]
[BlackElo "2243"]
[Annotator "NA"]
[PlyCount "95"]
[EventDate "2019.07.11"]
[EventType "swiss"]
[EventCountry "CZE"]
[SourceTitle "playchess.com"]
[Source "ChessBase"]
[SourceQuality "1"]
[WhiteTeam "Slovenia"]
[BlackTeam "Turkey"]
[WhiteTeamCountry "SLO"]
[BlackTeamCountry "TUR"]
[TimeControl "40/5400+30:1800+30"]

1. e4 {[%emt 0:00:00]} c5 {[%emt 0:00:00]} 2. Nf3 {[%emt 0:00:32]} d6 {[%emt 0:00:17]} 3. c3 {[%emt 0:00:35]} Nf6 {[%emt 0:00:59]} 4. Be2 {[%emt 0:00:38]} Nc6 {[%emt 0:00:28]} 5. d4 {[%emt 0:00:42]} g6 {[%emt 0:05:37]} 6. O-O {[%emt 0:01:36]} Bg7 {[%emt 0:00:46]} 7. d5 {[%emt 0:01:03]} Nb8 {[%emt 0:03:49]} 8. Re1 {[%emt 0:08:37]} O-O {[%emt 0:00:35]} 9. Bf1 {[%emt 0:00:05]} e6 {[%emt 0:06:38]} 10. c4 {[%emt 0:11:18]} exd5 {[%emt 0:06:12]} 11. cxd5 {[%emt 0:00:39]} Re8 {[%emt 0:02:52]} 12. Nc3 {[%emt 0:00:38]} Bg4 {[%emt 0:00:50]} 13. Bf4 {[%emt 0:12:24]} Nh5 {[%emt 0:00:20]} 14. Be3 {[%emt 0:00:06]} Nd7 {[%emt 0:05:37]} 15. h3 {[%emt 0:00:25]} Bxf3 {[%emt 0:00:04]} 16. Qxf3 {[%emt 0:00:06]} Ne5 {[%emt 0:00:54]} 17. Qd1 {[%emt 0:00:13]} a6 {[%emt 0:04:27]} 18. a4 {[%emt 0:00:31]} Nf6 {[%emt 0:08:19]} 19. g4 {[%emt 0:15:16]} Qb6 {[%emt 0:04:42]} 20. Qe2 {[%emt 0:04:45]} Qb4 {[%emt 0:03:14]} 21. f4 {[%emt 0:02:31]} Nexg4 {[%emt 0:01:07]} 22. hxg4 {[%emt 0:00:10]} Nxe4 {[%emt 0:00:03]} 23. Nxe4 {[%emt 0:02:10]} Rxe4 {[%emt 0:00:54]} 24. Qd2 {[%emt 0:05:03]} Qxb2 {[%emt 0:08:31]} 25. Qxb2 {[%emt 0:01:54]} Bxb2 {[%emt 0:00:09]} 26. Rab1 {[%emt 0:00:05]} Bd4 {[%emt 0:00:03]} 27. Bxd4 {[%emt 0:00:48]} Rxd4 {[%emt 0:00:03]} 28. a5 {[%emt 0:01:25]} Rxf4 {[%emt 0:02:06]} 29. Rxb7 {[%emt 0:00:47]} Rxg4+ {[%emt 0:00:02]} 30. Kh2 {[%emt 0:01:01]} Ra4 {[%emt 0:01:27]} 31. Ree7 {[%emt 0:02:43]} Rf8 {[%emt 0:01:47]} 32. Rb6 {[%emt 0:03:56]} Rxa5 {[%emt 0:00:23]} 33. Rxd6 {[%emt 0:00:14]} Ra2+ {[%emt 0:00:07]} 34. Kg1 {[%emt 0:02:44]} a5 {[%emt 0:07:19]} 35. Rc6 {[%emt 0:03:13]} Kg7 {[%emt 0:05:46]} 36. Rxc5 {[%emt 0:05:07]} Kf6 {[%emt 0:00:11]} 37. Re1 {[%emt 0:00:21]} Rb8 {[%emt 0:06:01]} 38. Bc4 {[%emt 0:00:48]} Rd2 {[%emt 0:03:54]} 39. Rf1+ {[%emt 0:00:26]} Kg7 {[%emt 0:02:14]} 40. Rc7 {[%emt 0:01:37]} Rf8 {[%emt 0:00:41]} 41. Ra1 {[%emt 0:31:23]} Ra8 {[%emt 0:31:42]} 42. d6 {[%emt 0:00:41]} Rxd6 {[%emt 0:00:22]} 43. Rxf7+ {[%emt 0:00:05]} Kh6 {[%emt 0:00:08]} 44. Kf2 {[%emt 0:01:26]} Rc8 {[%emt 0:00:58]} 45. Rh1+ {[%emt 0:00:46]} Kg5 {[%emt 0:00:09]} 46. Rg1+ {[%emt 0:00:18]} Kh6 {[%emt 0:00:11]} 47. Be2 {[%emt 0:00:40]} Rc2 {[%emt 0:00:39]} 48. Rh1+ {[%emt 0:00:41]} 1/2-1/2

[Event "EYTCC U18 Open 2019"]
[Site "Pardubice"]
[Date "2019.07.14"]
[Round "4.10"]
[White "Ozsakallioglu, Akin"]
[Black "Stevanic, David"]
[Result "0-1"]
[WhiteElo "1901"]
[BlackElo "2306"]
[Annotator "NA"]
[PlyCount "110"]
[EventDate "2019.07.11"]
[EventType "swiss"]
[EventCountry "CZE"]
[SourceTitle "playchess.com"]
[Source "ChessBase"]
[SourceQuality "1"]
[WhiteTeam "Turkey"]
[BlackTeam "Slovenia"]
[WhiteTeamCountry "TUR"]
[BlackTeamCountry "SLO"]
[TimeControl "40/5400+30:1800+30"]

1. e4 {[%emt 0:00:00]} e5 {[%emt 0:00:00]} 2. Nf3 {[%emt 0:00:00]} Nc6 {[%emt 0:00:00]} 3. Bb5 {[%emt 0:00:00]} a6 {[%emt 0:00:00]} 4. Ba4 {[%emt 0:00:00]} Nf6 {[%emt 0:00:03]} 5. d3 {[%emt 0:00:00]} b5 {[%emt 0:01:32]} 6. Bb3 {[%emt 0:03:42]} Be7 {[%emt 0:01:17]} 7. Nc3 {[%emt 0:01:33]} d6 {[%emt 0:04:19]} 8. Nd5 {[%emt 0:00:39]} Na5 {[%emt 0:05:04]} 9. Nxe7 {[%emt 0:00:10]} Qxe7 {[%emt 0:00:09]} 10. Bg5 {[%emt 0:02:48]} Nxb3 {[%emt 0:02:00]} 11. axb3 {[%emt 0:00:09]} h6 {[%emt 0:00:53]} 12. Bh4 {[%emt 0:01:01]} g5 {[%emt 0:06:53]} 13. Bg3 {[%emt 0:00:10]} h5 {[%emt 0:04:49]} 14. h4 {[%emt 0:03:31]} g4 {[%emt 0:00:12]} 15. Nd2 {[%emt 0:01:13]} Bb7 {[%emt 0:04:16]} 16. O-O {[%emt 0:07:19]} Rg8 {[%emt 0:05:45]} 17. Re1 {[%emt 0:02:54]} O-O-O {[%emt 0:07:05]} 18. Nf1 {[%emt 0:02:16]} Qe6 {[%emt 0:00:33]} 19. c4 {[%emt 0:02:13]} b4 {[%emt 0:02:52]} 20. Ne3 {[%emt 0:12:40]} c5 {[%emt 0:03:10]} 21. Rf1 {[%emt 0:00:41]} Rg6 {[%emt 0:01:36]} 22. Qb1 {[%emt 0:06:17]} Ng8 {[%emt 0:11:31]} 23. Nf5 {[%emt 0:07:15]} Ne7 {[%emt 0:01:09]} 24. f4 {[%emt 0:04:06]} gxf3 {[%emt 0:05:30]} 25. Rxf3 {[%emt 0:02:30]} Rg4 {[%emt 0:03:59]} 26. Ne3 {[%emt 0:05:21]} Rg7 {[%emt 0:05:47]} 27. Qf1 {[%emt 0:05:15]} f5 {[%emt 0:08:06]} 28. Nxf5 {[%emt 0:00:32]} Nxf5 {[%emt 0:00:10]} 29. exf5 {[%emt 0:00:03]} Qf6 {[%emt 0:00:09]} 30. Re3 {[%emt 0:01:13]} Rdg8 {[%emt 0:00:24]} 31. Kh2 {[%emt 0:03:27]} Rxg3 {[%emt 0:07:21]} 32. Rxg3 {[%emt 0:00:15]} Qxh4+ {[%emt 0:00:03]} 33. Rh3 {[%emt 0:00:08]} Qg4 {[%emt 0:03:39]} 34. Rf3 {[%emt 0:05:51]} Bxf3 {[%emt 0:01:30]} 35. Qxf3 {[%emt 0:00:05]} Qxf3 {[%emt 0:00:38]} 36. gxf3 {[%emt 0:00:02]} Rf8 {[%emt 0:03:53]} 37. Rxa6 {[%emt 0:00:10]} Kc7 {[%emt 0:00:30]} 38. Ra7+ {[%emt 0:02:04]} Kb6 {[%emt 0:00:09]} 39. Rh7 {[%emt 0:00:25]} Rxf5 {[%emt 0:00:08]} 40. Kg3 {[%emt 0:00:39]} Rf4 {[%emt 0:00:23]} 41. Rxh5 {[%emt 0:32:26]} Rd4 {[%emt 0:30:09]} 42. Rh2 {[%emt 0:00:33]} Rxd3 {[%emt 0:00:08]} 43. Re2 {[%emt 0:00:04]} Rxb3 {[%emt 0:00:00]} 44. Rd2 {[%emt 0:00:00]} Kc6 {[%emt 0:00:00]} 45. Kf2 {[%emt 0:00:00]} Kd7 {[%emt 0:00:00]} 46. Ke2 {[%emt 0:00:00]} Ke6 {[%emt 0:00:00]} 47. Kf2 {[%emt 0:00:00]} Kf5 {[%emt 0:00:00]} 48. Kg3 {[%emt 0:00:00]} e4 {[%emt 0:00:00]} 49. Rxd6 {[%emt 0:00:00]} Rxf3+ {[%emt 0:00:00]} 50. Kg2 {[%emt 0:00:00]} Rb3 {[%emt 0:00:00]} 51. Rd5+ {[%emt 0:00:00]} Kf4 {[%emt 0:00:00]} 52. Rxc5 {[%emt 0:00:00]} Rxb2+ {[%emt 0:00:00]} 53. Kf1 {[%emt 0:00:00]} Rc2 {[%emt 0:00:00]} 54. Ke1 {[%emt 0:00:00]} b3 {[%emt 0:00:00]} 55. Kd1 {[%emt 0:00:00]} e3 {[%emt 0:00:00]} 0-1

[Event "EYTCC U18 Open 2019"]
[Site "Pardubice"]
[Date "2019.07.14"]
[Round "4.11"]
[White "Tisaj, Domen"]
[Black "Ozdemir, Serhan Berat"]
[Result "1-0"]
[WhiteElo "2232"]
[BlackElo "1985"]
[Annotator "NA"]
[PlyCount "73"]
[EventDate "2019.07.11"]
[EventType "swiss"]
[EventCountry "CZE"]
[SourceTitle "playchess.com"]
[Source "ChessBase"]
[SourceQuality "1"]
[WhiteTeam "Slovenia"]
[BlackTeam "Turkey"]
[WhiteTeamCountry "SLO"]
[BlackTeamCountry "TUR"]
[TimeControl "40/5400+30:1800+30"]

1. d4 {[%emt 0:00:00]} Nf6 {[%emt 0:00:00]} 2. c4 {[%emt 0:00:00]} g6 {[%emt 0:00:00]} 3. Nc3 {[%emt 0:00:00]} Bg7 {[%emt 0:00:00]} 4. e4 {[%emt 0:00:00]} d6 {[%emt 0:00:00]} 5. f3 {[%emt 0:00:14]} O-O {[%emt 0:00:54]} 6. Be3 {[%emt 0:00:06]} c5 {[%emt 0:00:14]} 7. Nge2 {[%emt 0:00:06]} cxd4 {[%emt 0:04:01]} 8. Nxd4 {[%emt 0:00:08]} Nc6 {[%emt 0:00:35]} 9. Be2 {[%emt 0:00:06]} Nd7 {[%emt 0:06:12]} 10. O-O {[%emt 0:00:36]} Nc5 {[%emt 0:13:20]} 11. Qd2 {[%emt 0:01:25]} a5 {[%emt 0:01:42]} 12. Rfd1 {[%emt 0:01:45]} Bd7 {[%emt 0:05:03]} 13. b3 {[%emt 0:02:07]} Re8 {[%emt 0:05:23]} 14. Rac1 {[%emt 0:01:19]} Rc8 {[%emt 0:00:57]} 15. Ndb5 {[%emt 0:01:14]} Ne5 {[%emt 0:10:42]} 16. Nd5 {[%emt 0:09:17]} h5 {[%emt 0:22:02]} 17. h3 {[%emt 0:04:42]} Kh7 {[%emt 0:03:16]} 18. Nbc3 {[%emt 0:03:12]} Nc6 {[%emt 0:03:31]} 19. Bd3 {[%emt 0:05:54]} e6 {[%emt 0:04:16]} 20. Nf4 {[%emt 0:00:36]} Nxd3 {[%emt 0:03:27]} 21. Qxd3 {[%emt 0:00:37]} Be5 {[%emt 0:00:46]} 22. Nfe2 {[%emt 0:00:30]} Nb4 {[%emt 0:01:28]} 23. Qd2 {[%emt 0:00:40]} Rc6 {[%emt 0:07:15]} 24. Bd4 {[%emt 0:02:27]} Bxd4+ {[%emt 0:03:14]} 25. Nxd4 {[%emt 0:01:52]} Rb6 {[%emt 0:00:01]} 26. c5 {[%emt 0:01:47]} dxc5 {[%emt 0:02:29]} 27. Nde2 {[%emt 0:00:16]} Re7 {[%emt 0:01:20]} 28. e5 {[%emt 0:02:22]} Qc7 {[%emt 0:00:52]} 29. Qg5 {[%emt 0:02:10]} Bc6 {[%emt 0:00:41]} 30. Rd6 {[%emt 0:00:19]} Rd7 {[%emt 0:00:42]} 31. Rcd1 {[%emt 0:01:44]} Bd5 {[%emt 0:00:05]} 32. Rxb6 {[%emt 0:00:56]} Qxb6 {[%emt 0:00:04]} 33. Ne4 {[%emt 0:00:07]} c4+ {[%emt 0:01:05]} 34. Kh2 {[%emt 0:00:26]} Rd8 {[%emt 0:00:51]} 35. bxc4 {[%emt 0:00:36]} Bxe4 {[%emt 0:00:31]} 36. Rxd8 {[%emt 0:00:11]} Qf2 {[%emt 0:00:30]} 37. Qf6 {[%emt 0:00:15]} 1-0

[Event "EYTCC U18 Open 2019"]
[Site "Pardubice"]
[Date "2019.07.14"]
[Round "4.12"]
[White "Buke, Furkan"]
[Black "Marn, Jan"]
[Result "1/2-1/2"]
[WhiteElo "1959"]
[BlackElo "2215"]
[Annotator "NA"]
[PlyCount "74"]
[EventDate "2019.07.11"]
[EventType "swiss"]
[EventCountry "CZE"]
[SourceTitle "playchess.com"]
[Source "ChessBase"]
[SourceQuality "1"]
[WhiteTeam "Turkey"]
[BlackTeam "Slovenia"]
[WhiteTeamCountry "TUR"]
[BlackTeamCountry "SLO"]
[TimeControl "40/5400+30:1800+30"]

1. e4 {[%emt 0:00:00]} e5 {[%emt 0:00:00]} 2. Nf3 {[%emt 0:00:00]} Nc6 {[%emt 0:00:00]} 3. Bb5 {[%emt 0:00:00]} g6 {[%emt 0:00:00]} 4. Nc3 {[%emt 0:01:22]} Bg7 {[%emt 0:00:58]} 5. h4 {[%emt 0:01:24]} Nf6 {[%emt 0:05:00]} 6. d3 {[%emt 0:05:03]} d6 {[%emt 0:03:34]} 7. Be3 {[%emt 0:11:59]} a6 {[%emt 0:05:04]} 8. Ba4 {[%emt 0:01:11]} b5 {[%emt 0:03:17]} 9. Bb3 {[%emt 0:00:12]} Na5 {[%emt 0:00:47]} 10. Qd2 {[%emt 0:06:17]} Nxb3 {[%emt 0:02:32]} 11. axb3 {[%emt 0:00:05]} Bb7 {[%emt 0:05:20]} 12. Bh6 {[%emt 0:00:55]} O-O {[%emt 0:03:19]} 13. O-O-O {[%emt 0:04:15]} b4 {[%emt 0:00:53]} 14. Ne2 {[%emt 0:00:59]} Bxh6 {[%emt 0:00:34]} 15. Qxh6 {[%emt 0:00:04]} Ng4 {[%emt 0:00:05]} 16. Qd2 {[%emt 0:00:10]} Nxf2 {[%emt 0:00:07]} 17. Qh6 {[%emt 0:01:45]} Qf6 {[%emt 0:04:21]} 18. h5 {[%emt 0:00:38]} Qg7 {[%emt 0:04:21]} 19. Qd2 {[%emt 0:00:04]} Nxd1 {[%emt 0:00:38]} 20. Kxd1 {[%emt 0:00:04]} c5 {[%emt 0:00:22]} 21. Ng3 {[%emt 0:00:04]} Bc8 {[%emt 0:05:07]} 22. hxg6 {[%emt 0:00:34]} fxg6 {[%emt 0:00:24]} 23. Qg5 {[%emt 0:00:06]} Be6 {[%emt 0:08:01]} 24. Rh6 {[%emt 0:00:45]} Qf6 {[%emt 0:02:04]} 25. Ke1 {[%emt 0:03:07]} Ra7 {[%emt 0:01:12]} 26. Qxf6 {[%emt 0:02:19]} Rxf6 {[%emt 0:00:09]} 27. Ng5 {[%emt 0:00:04]} Bc8 {[%emt 0:11:52]} 28. Nf1 {[%emt 0:01:27]} a5 {[%emt 0:03:40]} 29. Ne3 {[%emt 0:00:52]} Rf8 {[%emt 0:00:51]} 30. g3 {[%emt 0:00:38]} Rd7 {[%emt 0:09:00]} 31. Nc4 {[%emt 0:04:28]} Re8 {[%emt 0:06:07]} 32. Nb6 {[%emt 0:05:11]} Rb7 {[%emt 0:00:13]} 33. Nc4 {[%emt 0:01:08]} Kg7 {[%emt 0:07:18]} 34. Rxh7+ {[%emt 0:01:00]} Kg8 {[%emt 0:03:03]} 35. Rh6 {[%emt 0:06:19]} Kg7 {[%emt 0:02:32]} 36. Rh7+ {[%emt 0:00:07]} Kg8 {[%emt 0:00:54]} 37. Rh6 {[%emt 0:03:54]} Kg7 {[%emt 0:00:04]} 1/2-1/2

[Event "EYTCC U18 Open 2019"]
[Site "Pardubice"]
[Date "2019.07.14"]
[Round "4.13"]
[White "Parkhov, Yair"]
[Black "Jakab, Bela"]
[Result "1-0"]
[WhiteElo "2354"]
[BlackElo "2278"]
[Annotator "TA"]
[PlyCount "63"]
[EventDate "2019.07.11"]
[EventType "swiss"]
[EventCountry "CZE"]
[SourceTitle "playchess.com"]
[Source "ChessBase"]
[SourceQuality "1"]
[WhiteTeam "Israel"]
[BlackTeam "Slovakia"]
[WhiteTeamCountry "ISR"]
[BlackTeamCountry "SVK"]

{[%evp 10,63,8,11,18,11,41,37,47,24,61,48,34,33,59,51,61,58,60,44,50,53,70,85,73,75,86,71,66,60,79,63,98,41,49,61,68,88,92,62,87,93,96,95,222,230,227,227,215,214,278,163,2422,2298,2371,2303]} 1. Nf3 d5 2. g3 Nf6 3. Bg2 g6 4. c4 dxc4 5. Na3 Bg7 6. Nxc4 O-O {A09: Réti Opening: 1 Nf3 d5 2 c4} 7. O-O c6 8. b3 {[%cal Bb2b3,Bb3c4,Bc4c5][%mdl 32]} Nbd7 {White is slightly better.} 9. Bb2 Nb6 10. d3 (10. Qc1 Nxc4 11. bxc4 Bg4 12. h3 Bxf3 13. Bxf3 Qc7 {0-1 (56) Aronian,L (2785)-Malakhov,V (2713) Doha 2016}) 10... Nxc4 $146 ({Predecessor:} 10... Be6 11. Qc2 {1-0 (51) Lau,R (2506)-Penz,H (2324) Austria 2003}) 11. bxc4 Bg4 12. Rb1 Bxf3 13. Bxf3 Qc7 14. Qb3 b6 15. c5 b5 16. d4 e6 17. e4 Rfd8 18. Bg2 a5 19. a3 a4 20. Qc2 Rd7 {[#]} 21. f4 (21. d5 $1 $16 {[%mdl 512]}) 21... Rad8 22. Rbd1 Ng4 {[%cal Rd7d4]} 23. Qe2 Nh6 {[%cal Rg7d4]} 24. Qe3 Ng4 {[#]} 25. Qf3 $1 {[%cal Rf3g4]} Nh6 {[%cal Rg7d4]} 26. g4 {g5 is the strong threat.} f5 {[#]} (26... Bxd4+ $16 27. Rxd4 Rxd4 28. Bxd4 Rxd4) 27. exf5 $1 $18 exf5 28. g5 ({Resist} 28. Qxc6 $6 fxg4 29. Bc3 Qxc6 $16) 28... Nf7 {[%cal Rg7d4]} 29. Qxc6 Qb8 30. Qe6 (30. Bc3 $142) 30... Bxd4+ $2 (30... b4 31. c6 Ra7) 31. Rxd4 Rxd4 32. Qf6 {Accuracy: White = 65%, Black = 36%.} 1-0